[Event "Ostrava Konik op-A"]
[Site "Ostrava"]
[Date "2012.05.01"]
[Round "4"]
[White "Zavisecky, Petr"]
[Black "Parakhoni, Anna"]
[Result "1-0"]
[WhiteElo "2008"]
[BlackElo "1878"]
[PlyCount "97"]
[EventDate "2012.04.28"]
[EventType "swiss"]
[EventRounds "9"]
[EventCountry "CZE"]
[SourceTitle "CBM 148 Extra"]
[Source "ChessBase"]
[SourceDate "2012.06.22"]
[SourceVersion "1"]
[SourceVersionDate "2012.06.22"]
[SourceQuality "1"]

1. d4 e6 2. Nf3 f5 3. g3 b6 4. Bg2 Bb7 5. 0-0 Nf6 6. c4 Be7 7. Nc3 0-0 8. Bf4 Ne4 9. Nb5 Na6 10. h4 Bf6 11. Qc2 Qc8 12. a3 d6 13. Rfd1 h6 14. Qc1 Re8 15. Ne1 e5 16. Be3 exd4 17. Bxd4 Nac5 18. Qc2 a6 19. Bxf6 Nxf6 20. Nd4 Bxg2 21. Nxg2 Nce4 22. Rf1 c5 23. Nf3 b5 24. Nf4 bxc4 25. Qxc4+ Kh7 26. Qf7 Qd7 27. Qxd7 Nxd7 28. Nd5 Ra7 29. Rfd1 a5 30. Kg2 Rb7 31. Rab1 Nb6 32. Nxb6 Rxb6 33. Nd2 Nxd2 34. Rxd2 Reb8 35. e3 Kg8 36. Rbd1 Rxb2 37. Rxb2 Rxb2 38. Rxd6 Rb3 39. Rd5 Rc3 40. Rxf5 a4 41. Kf3 g6 42. Rf4 Rxa3 43. Rc4 Ra1 44. Rxc5 a3 45. Rc7 a2 46. Ra7 Kf8 47. Ke4 Kg8 48. Ke5 Rb1 49. Rxa2 1-0

[Event "Ostrava Konik op-A"]
[Site "Ostrava"]
[Date "2012.04.30"]
[Round "3"]
[White "Parakhoni, Anna"]
[Black "Snajdr, Tomas"]
[Result "0-1"]
[WhiteElo "1878"]
[BlackElo "1968"]
[PlyCount "60"]
[EventDate "2012.04.28"]
[EventType "swiss"]
[EventRounds "9"]
[EventCountry "CZE"]
[SourceTitle "CBM 148 Extra"]
[Source "ChessBase"]
[SourceDate "2012.06.22"]
[SourceVersion "1"]
[SourceVersionDate "2012.06.22"]
[SourceQuality "1"]

1. e4 c6 2. d4 d5 3. exd5 cxd5 4. Bd3 Nc6 5. c3 g6 6. h3 Bg7 7. Nf3 Nh6 8. Bf4 f6 9. g4 Nf7 10. Bg3 e5 11. dxe5 fxe5 12. Bb5 0-0 13. 0-0 e4 14. Nfd2 Qb6 15. Qb3 a6 16. Ba4 Qd8 17. Qc2 b5 18. Bb3 Kh8 19. Rd1 Qg5 20. a4 b4 21. Nf1 d4 22. Qxe4 Bb7 23. h4 Qc5 24. cxb4 Qxb4 25. Nbd2 Nce5 26. Qe2 Rae8 27. Bxf7 Nf3+ 28. Qxf3 Bxf3 29. Nxf3 Rxf7 30. Ng5 Rfe7 0-1

[Event "Ostrava Konik op-A"]
[Site "Ostrava"]
[Date "2012.04.28"]
[Round "2"]
[White "Parakhoni, Anna"]
[Black "Kubik, Michael"]
[Result "0-1"]
[WhiteElo "1878"]
[BlackElo "2030"]
[PlyCount "78"]
[EventDate "2012.04.28"]
[EventType "swiss"]
[EventRounds "9"]
[EventCountry "CZE"]
[SourceTitle "CBM 148 Extra"]
[Source "ChessBase"]
[SourceDate "2012.06.22"]
[SourceVersion "1"]
[SourceVersionDate "2012.06.22"]
[SourceQuality "1"]

1. e4 c5 2. Nf3 Nc6 3. d3 g6 4. g3 Bg7 5. Bg2 e5 6. Nc3 d6 7. 0-0 Nge7 8. Nh4 0-0 9. f4 f5 10. fxe5 dxe5 11. exf5 gxf5 12. Bg5 Qd4+ 13. Kh1 Be6 14. Qd2 c4 15. Nf3 Qb6 16. Na4 Qb5 17. Nc3 Qa6 18. Bh6 Ng6 19. Bxg7 Kxg7 20. Ng5 Bg8 21. dxc4 Rad8 22. Bd5 Qxc4 23. Rad1 Qg4 24. Bf3 Rxd2 25. Bxg4 fxg4 26. Rxd2 Rxf1+ 27. Kg2 Rf8 28. Rd7+ Nge7 29. Rxb7 Rb8 30. Rxb8 Nxb8 31. Kf2 Nbc6 32. Nb5 Kg6 33. Ne4 Nf5 34. a3 Nfd4 35. Nxd4 Nxd4 36. c3 Nf3 37. Kg2 Bd5 38. Nd6 Nd2+ 39. Kf2 Ne4+ 0-1

[Event "Ostrava Konik op-A"]
[Site "Ostrava"]
[Date "2012.04.28"]
[Round "1"]
[White "Slanina, Miroslav"]
[Black "Parakhoni, Anna"]
[Result "1-0"]
[WhiteElo "2140"]
[BlackElo "1878"]
[PlyCount "51"]
[EventDate "2012.04.28"]
[EventType "swiss"]
[EventRounds "9"]
[EventCountry "CZE"]
[SourceTitle "CBM 148 Extra"]
[Source "ChessBase"]
[SourceDate "2012.06.22"]
[SourceVersion "1"]
[SourceVersionDate "2012.06.22"]
[SourceQuality "1"]

1. d4 e6 2. Nf3 f5 3. Bf4 Nf6 4. e3 Be7 5. h3 0-0 6. Bd3 b6 7. Nbd2 Bb7 8. c3 Ne4 9. 0-0 g5 10. Bh2 d6 11. Qc2 Nxd2 12. Nxd2 Qe8 13. e4 f4 14. e5 Qh5 15. exd6 Bxd6 16. Be4 Bc6 17. Nf3 Re8 18. Bxc6 Nxc6 19. Qe4 Na5 20. b4 Nc4 21. Qc6 Na3 22. Qa4 Nc4 23. Qb5 Na3 24. Qa6 Nc2 25. Rac1 Bxb4 26. Rxc2 1-0

[Event "Moscow op-E"]
[Site "Moscow"]
[Date "2011.01.30"]
[Round "2.186"]
[White "Parakhoni, Anna"]
[Black "Grigoryeva, Olga A"]
[Result "0-1"]
[WhiteElo "1859"]
[BlackElo "2063"]
[PlyCount "96"]
[EventDate "2011.01.29"]
[EventType "swiss"]
[EventRounds "9"]
[EventCountry "RUS"]
[SourceTitle "EXT 2022"]
[Source "ChessBase"]
[SourceDate "2021.10.06"]
[SourceVersion "1"]
[SourceVersionDate "2021.10.06"]
[SourceQuality "1"]

1. e4 c5 2. g3 Nc6 3. Bg2 d6 4. d3 g6 5. f4 Bg7 6. Nf3 e6 7. c3 Nge7 8. 0-0 0-0 9. Na3 Rb8 10. Nc2 b5 11. d4 b4 12. cxb4 Nxb4 13. Nxb4 cxb4 14. h3 Qb6 15. Kh2 a5 16. Re1 d5 17. e5 Bd7 18. Bf1 a4 19. g4 Rfc8 20. Bd3 Bb5 21. Be3 Bxd3 22. Qxd3 b3 23. axb3 Qxb3 24. Qxb3 axb3 25. Rec1 Rc2+ 26. Rxc2 bxc2 27. Bc1 Nc6 28. Ra3 Bf8 29. Rc3 Nb4 30. Ne1 Ra8 31. b3 Ra1 32. Bd2 c1Q 33. Rxc1 Ra2 34. Nf3 Nd3 35. Rc8 Nxf4 36. b4 Kg7 37. Kh1 Nxh3 38. b5 Nf2+ 39. Kg1 Nxg4 40. b6 Rb2 41. Rb8 Bb4 42. Bg5 Ba5 43. Bd8 Kh6 44. Ng5 Ne3 45. Nxf7+ Kh5 46. b7 Be1 47. Nd6 Bf2+ 48. Kh2 Kg4 0-1

[Event "RSSU-18 op"]
[Site "Moscow"]
[Date "2009.10.22"]
[Round "4"]
[White "Parakhoni, Anna"]
[Black "Gavrjuchenkova, Angelina"]
[Result "1/2-1/2"]
[WhiteElo "1811"]
[BlackElo "1953"]
[PlyCount "108"]
[EventDate "2009.10.17"]
[EventType "swiss"]
[EventRounds "9"]
[EventCountry "RUS"]
[SourceTitle "EXT 2022"]
[Source "ChessBase"]
[SourceDate "2021.10.06"]
[SourceVersion "1"]
[SourceVersionDate "2021.10.06"]
[SourceQuality "1"]

1. e4 e5 2. Nf3 Nc6 3. Nc3 Nf6 4. Bb5 Bc5 5. 0-0 d6 6. d4 exd4 7. Nxd4 Bd7 8. Nxc6 bxc6 9. Bc4 0-0 10. Qf3 Rb8 11. Rb1 Be6 12. Bb3 Qd7 13. h3 h6 14. Bxh6 Bd4 15. Qg3 Nh7 16. Rbd1 Bf6 17. Rfe1 Kh8 18. Bf4 Qe7 19. e5 Bh4 20. Qe3 d5 21. Qxa7 g5 22. Be3 g4 23. Qc5 gxh3 24. Qxe7 Bxe7 25. g3 Ng5 26. Bxg5 Bxg5 27. f4 Be7 28. Rf1 Bg4 29. Rd2 Rg8 30. Kh2 Rg7 31. f5 Bc5 32. f6 Rg5 33. Re1 Re8 34. Ba4 Rgxe5 35. Rxe5 Rxe5 36. Bxc6 Re1 37. Ne2 Bf3 38. Ng1 Rxg1 39. Kxh3 Rh1+ 40. Rh2 Bg4+ 41. Kg2+ Rxh2+ 42. Kxh2 Be6 43. Kg2 Kh7 44. Kf3 Kg6 45. c3 Kxf6 46. b4 Ba7 47. a4 Ke5 48. g4 d4 49. cxd4+ Kxd4 50. Kf4 Kc4 51. b5 Kb4 52. g5 Bb6 53. Ke5 Kxa4 54. g6 fxg6 1/2-1/2

[Event "Moscow GFSO-ch op"]
[Site "Moscow"]
[Date "2008.10.04"]
[Round "3"]
[White "Lagashin, Pavel"]
[Black "Parakhoni, Anna"]
[Result "1-0"]
[WhiteElo "1986"]
[BlackElo "1793"]
[PlyCount "75"]
[EventDate "2008.09.28"]
[EventType "swiss"]
[EventRounds "9"]
[EventCountry "RUS"]
[SourceTitle "EXT 2022"]
[Source "ChessBase"]
[SourceDate "2021.10.06"]
[SourceVersion "1"]
[SourceVersionDate "2021.10.06"]
[SourceQuality "1"]

1. d4 e6 2. g3 f5 3. Bg2 Nf6 4. Nf3 Be7 5. 0-0 0-0 6. c4 Ne4 7. Qb3 Kh8 8. Nc3 Nxc3 9. bxc3 d6 10. Rd1 Qe8 11. Bf4 Nc6 12. d5 Nd8 13. c5 e5 14. cxd6 exf4 15. dxe7 Qxe7 16. Qb4 Qxb4 17. cxb4 fxg3 18. hxg3 Bd7 19. Rac1 c6 20. Ne5 Be8 21. dxc6 bxc6 22. Nxc6 Nxc6 23. Bxc6 Bxc6 24. Rxc6 Rf7 25. Rdc1 g6 26. Rc7 Raf8 27. b5 Kg7 28. a4 Re8 29. Rxf7+ Kxf7 30. Rc7+ Re7 31. Rxe7+ Kxe7 32. f3 Kd6 33. e4 fxe4 34. fxe4 Ke5 35. a5 Kd6 36. e5+ Kxe5 37. b6 axb6 38. a6 1-0